Το τρένο με τις φράουλες : μυθιστόρημα

Αποθηκεύτηκε σε:
Λεπτομέρειες βιβλιογραφικής εγγραφής
Κύριος συγγραφέας: Ξανθούλης, Γιάννης, 1947-
Μορφή: Βιβλίο
Γλώσσα:Greek
Δημοσίευση: Αθήνα : Καστανιώτη, c1996.
Θέματα:
Ετικέτες: Προσθήκη ετικέτας
Δεν υπάρχουν, Καταχωρήστε ετικέτα πρώτοι!

MARC

LEADER 00000cam a2200000 i 4500
001 1/34732
008 960808s1996 gr | ||| |||| ||gre||
020 |a 9600314896 
035 |1 ΕΛΗ  |a 1996  |b 2607  |c ΒΙΒΛΙΟΘΗΚΗ  |l 10039736 
040 |a GR-MyUa  |b gre  |e AACR2 
041 0 |a gre 
082 7 |a 889.3   |2 (22) 
100 1 |a Ξανθούλης, Γιάννης,   |d 1947- 
245 1 3 |a Το τρένο με τις φράουλες :   |b μυθιστόρημα /   |c Γιάννης Ξανθούλης. 
260 |a Αθήνα :   |b Καστανιώτη,   |c c1996. 
300 |a 283 σ. ;   |c 21 εκ. 
500 |a Το παράρτημα Σύρου διαθέτει την 6η ανατύπωση του 1996. 
500 |a Το παράρτημα Σάμου διαθέτει την 20η ανατύπωση του 1997. 
650 0 |a Greek fiction. 
852 |a INST  |b SAMOS  |e 19960808  |h 889.3 ΞΑΝ  |p 005300008356  |q 005300008356  |t BK  |y 0 
852 |a INST  |b SYROS  |e 20130708  |h 889.3 ΞΑΝ  |p 005500010903  |q 005500010903  |t BK  |y 0 
901 |a BIBL5-2013-1 
901 |a BIBL-1997-2 
970 |a Κοντού  |b Παρασκευή  |z 08/07/2013